ბათუმის შოთა რუსთაველის სახელმწიფო უნივერსიტეტის ბიბლიოთეკა

Литература русского зарубежья : (ბიბ.ჩანაწერი № 35003)

000 -LEADER
fixed length control field 00865nam a2200229Ia 4500
001 - CONTROL NUMBER
control field 841
003 - CONTROL NUMBER IDENTIFIER
control field GE_BSU
005 - DATE AND TIME OF LATEST TRANSACTION
control field 20220504135113.0
008 - FIXED-LENGTH DATA ELEMENTS--GENERAL INFORMATION
fixed length control field 181216s2003||||rus|||||||||||||| ||ru ||
020 ## - INTERNATIONAL STANDARD BOOK NUMBER
International Standard Book Number 5060042367
040 ## - CATALOGING SOURCE
Transcribing agency GE_BSU
041 ## - LANGUAGE CODE
Language code of text/sound track or separate title ru
080 ## - UNIVERSAL DECIMAL CLASSIFICATION NUMBER
Universal Decimal Classification number 821.161.1.09 Б-92
100 ## - MAIN ENTRY--PERSONAL NAME
Personal name Буслакова, Т.П.
9 (RLIN) 13707
245 ## - TITLE STATEMENT
Title Литература русского зарубежья :
Remainder of title Курс лекций /
Statement of responsibility, etc. Т.П. Буслакова.
264 ## - PRODUCTION, PUBLICATION, DISTRIBUTION, MANUFACTURE, AND COPYRIGHT NOTICE
Place of production, publication, distribution, manufacture Москва :
Name of producer, publisher, distributor, manufacturer Высш. шк.,
Date of production, publication, distribution, manufacture, or copyright notice 2003.
300 ## - PHYSICAL DESCRIPTION
Extent 366 с.;
Other physical details 21 см.
522 ## - GEOGRAPHIC COVERAGE NOTE
Geographic coverage note Библиогр. в конце гл.
653 ## - INDEX TERM--UNCONTROLLED
keyword Литература русского зарубежья.
653 ## - INDEX TERM--UNCONTROLLED
keyword რუსული ლიტერატურის ისტორია და კრიტიკა -- ლექციების კურსი
942 ## - ADDED ENTRY ELEMENTS (KOHA)
Koha item type წიგნი
Source of classification or shelving scheme
ეგზემპლარები
Withdrawn status Lost status Source of classification or shelving scheme Damaged status Not for loan Permanent Location Current Location Shelving location Date acquired Cost, normal purchase price Full call number Barcode Date last seen Copy number Price effective from Koha item type Public note
          ბათუმის შოთა რუსთაველის სახელმწიფო უნივერსიტეტის მთავარი ბიბლიოთეკა ბათუმის შოთა რუსთაველის სახელმწიფო უნივერსიტეტის მთავარი ბიბლიოთეკა წიგნსაცავი 2018-12-17 12.00 821.161.1.09 Б-92 1719 2018-12-17 1719 2018-12-17 წიგნი 12 ლ.